000 00306nam a2200133Ia 4500
008 231017s9999 xx 000 0 und d
082 _a625.84
082 _bSTA
245 0 _aStandard Practice for Pavement Recycling - Aug 1988
245 0 _cNCHRP
260 _bNCHRP
300 _c30cm
942 _cREP
999 _c604878
_d604878